000 00743nas a2200241 454500
001 34357
005 20260407193509.0
008 260407s2014####ag###########|||spa#d
003 AR-UNSa-BCEJYS
040 _aAR-UNSa-BCEJYS
_bspa
_cAR-UNSa-BCEJYS
080 _a657.6
_xAuditoria (control interno)
245 1 0 _aRevista de la AGPS Salta
264 1 _aSalta :
_b[s.n.]
_c2014
310 _aFrecuencia: Anual
041 _aspa
942 _cSER
590 _aniveau_biblio:s niveau_hierar:1
100 1 _aSalta. Auditoría General de la Provincia
650 _aCONTABILIDAD
650 _aADMINISTRACION PUBLICA
650 _aAuditoría
856 4 1 _uhttps://biblioeco.unsa.edu.ar/pmb/images/revistas/rev_AGPS.jpg
_yImagen de portada
_qimage/jpeg
999 _c8750
_d8750